000 01319cam a2200325 a 4500
005 20211105120805.0
008 151117s1999 mx ad fr 001 0 spa d
020 _a9701702646
040 _aCO-BoUCM
_bspa
_cSandra Palacio
_dSandra Palacio
041 1 _aspa
_heng
100 1 _aWalpole, Ronald E.
_963227
245 1 0 _aProbabilidad y estadística para ingenieros
_cRonald E. Walpole, Raymond H. Myers y Sharon L. Myers ; traducción Ricardo Cruz
250 _a6a ed
260 _aNaucalpan de Juarez (Ciudad de México, México)
_bPearson Educación
_c1999
300 _axii, 739 páginas
_bilustraciones, gráficas y tablas
500 _aIncluye índice
534 _tProbability and statistics for engineers and scientists.
650 7 _aProbabilidades
_922309
_xIngeniería
650 7 _aEstadística
_914984
_xIngeniería
650 7 _aVariables (Estadística)
_926097
650 7 _aDistribución (Teoría de probabilidades)
_913446
650 7 _aIngeniería
_vMétodos estadísticos
_973689
650 7 _aEstadística matemática
_914994
690 _aMatemáticas
_919031
700 1 _aMyers, Raymond H.
_d1937-
_972982
700 1 _aMyers, Sharon L.
_d1944-
_972983
700 1 _aCruz, Ricardo
_etraductor
_973691
942 _2DEWEY
_a25
_cLIBRO
_e6
_h519.2
_mP962pr
999 _c301933
_d301933